000 00669nam a2200229Ia 4500
003 OSt
005 20220923211814.0
006 a|||||r|||| 00| 0
007 ta
008 220922b |||||||| |||| 00| 0 san d
024 _a57,925
037 _cTextual
040 _aARTS
_cARTS
_bsan
041 _2san
_asan
082 _aQ1:21:9, 15K7
100 _aगुप्त, सुधीरकुमार, मक
_9157331
245 0 _aरावणभाष्यम््
246 _aRāvaṇabhāṣhyam
260 _c1967
942 _hQ1:21:9, 15K7
_cTEXL
_2CC
999 _c303788
_d303788